000 00618nam a2200193Ia 4500
003 GCL
008 140319s9999 xx 000 0 ara d
040 _aGCL /
_cGCL
082 0 4 _a810.9
_bط ن
100 1 _aاحمد ابراهيم الهوارى
245 1 0 _a"نقد المجتمع "" فى حديث عيسى بن هشام ""للمويلحى" /
_cاحمد ابراهيم الهوارى
260 _a[S.N] :
_bدار المعارف ،
_c1986
300 _a288 ص
490 _a
650 0 4 _aالادب العربى
650 0 4 _aالقصة العربية
650 0 4 _aتاريخ ونقد
942 _2ddc
_cBK
999 _c28707
_d28707